| 000 | 01373nam a2200253 a 4500 | ||
|---|---|---|---|
| 001 | 000048382 | ||
| 005 | 20201002061119.0 | ||
| 008 | 110222s2018 dr 000 0 spa d | ||
| 020 | _89945585438 | ||
| 040 |
_aDO-SdBNP _bspa _cBNPHU |
||
| 082 |
_a346.72930135 _bR426c, 2018 |
||
| 110 | 2 |
_aRepública Dominicana. _9447 |
|
| 240 | 1 | 0 | _a[Leyes, etc.] |
| 245 | 1 | 0 |
_aCódigo para el sistema de protección y los derechos fundamentales de niños, niñas y adolescentes ley núm. 136-03 : _bLey núm. 106-13, con las modificaciones de la Ley núm.52-07, del 23 de abril de 2007, sobre pensión alimenticia y jurisprudencia en esa materia , que modifica los artículos números :174, 176, 178, 181, 187, 192, 194, 195, 197 y 198 ; y la Ley núm. 106-13, del 8 de agosto de 2013, que modifica los artículos 223, 224, 279, 291, 296, 339, 340 ; y suprime el artículo 350 de dicha ley. |
| 246 | 1 | 3 | _aLey 136-03 |
| 260 |
_aSanto Domingo : _bPoder Judicial, _c2018. |
||
| 300 |
_a218 p. ; _c22 cm. |
||
| 590 | _aInventariado, 2019/VM | ||
| 650 | 4 |
_aNiños _xSituación legal _zRepública Dominicana _964438 |
|
| 650 | 4 |
_aMenores _xLegislación _zRepública Dominicana _949527 |
|
| 650 | 4 |
_aDerechos del niño _zRepública Dominicana _949526 |
|
| 710 | 1 |
_aRepública Dominicana. Dirección de Familia, Niñez, Adoscencia y Género _975794 |
|
| 910 | _aValidado. Control de calidad MFF | ||
| 999 |
_c47870 _d47870 |
||